|
|
|
|
| LEADER |
00000nam2a2200000 4500 |
| 001 |
286825 |
| 005 |
20231101235929.0 |
| 035 |
|
|
|a (RuTPU)RU\TPU\book\311176
|
| 090 |
|
|
|a 286825
|
| 100 |
|
|
|a 20150310d1971 k y0rusy50 ca
|
| 101 |
0 |
|
|a rus
|
| 102 |
|
|
|a RU
|
| 105 |
|
|
|a a z 001zy
|
| 200 |
0 |
|
|a Ч. 1
|
| 210 |
|
|
|d 1971
|
| 215 |
|
|
|a 132 с.
|c ил.
|
| 320 |
|
|
|a Библиогр.: с. 131.
|
| 461 |
|
1 |
|0 (RuTPU)RU\TPU\book\287168
|t Стабилизация и ориентирование актинометрической аппаратуры при проведении наблюдений с подвижных объектов
|o сборник статей
|o в 2 ч.
|f Тульский политехнический институт (ТулПИ) ; под ред. А. Я. Шайденко
|v Ч. 1
|d 1971
|
| 606 |
1 |
|
|a Актинометрические наблюдения
|2 stltpush
|3 (RuTPU)RU\TPU\subj\1689
|9 30400
|
| 610 |
1 |
|
|a актинометрические данные
|
| 610 |
1 |
|
|a актинометрические приборы
|
| 610 |
1 |
|
|a стабилизация
|
| 610 |
1 |
|
|a ориентирование
|
| 610 |
1 |
|
|a наблюдения
|
| 610 |
1 |
|
|a подвижные объекты
|
| 675 |
|
|
|a 551.521.1
|v 3
|
| 801 |
|
1 |
|a RU
|b 63413507
|c 20150310
|
| 801 |
|
2 |
|a RU
|b 63413507
|c 20150312
|g RCR
|
| 942 |
|
|
|c BK
|